000 00891cam a2200277 4500
001 J89028
008 090401t1998 xxu||||| |||| 00| 0 eng d
035 _a(Sirsi) u83430
041 _aeng
050 _a692.20945
110 _aInstitute of Building Control
_93341
245 _aReview of European building regulations and technical provisions: Italy.
250 _a(Rev. ed.)
260 _aEpsom, Surrey
_bInstitute of Building Control
_c1998
300 _aiv,39p. ; 30cm.
350 _a25
520 _aCover title. Review undertaken by the Institute of Building control on behalf of DETR
650 _aBUILDING CONTROL
_96222
650 _aBUILDING REGULATIONS
_96224
650 _aDEPARTMENT OF THE ENVIRONMENT, TRANSPORT AND THE REGIONS
650 _aEUROPE
650 _aITALY
690 _aBUILDING AND CONSTRUCTION-REGULATIONS
942 _n0
948 _c29/01/1998
999 _c96900
_d96900